00630 a2200181 4500010001400000020002300014035001300037037001600050082001100066090001700077245002600094260004500120270008300165300002500248942002600273999001700299952013200316 aENG-89876 a8124114025c150.00 aEN-73409 bDBAD / PUB14a530.03 c11891d118911 aDictionary of physics aNew DelhibHar-Anand Publicationsc2008 aE-49/3, Okhla Induatrial Area, Phase-IIbNew Delhie110020k41603490l41708607 a200p.c22 cm. (Pbk.) adplcENk530.03 / DIC c11537d11537 00102ddc40718NFICaDBADbDBADeDBAD/PUBg150.00l0o530.03pEN-73409r2008-09-15 00:00:00t1u12651v150.00w2008-09-15yEN